000 00370nam a2200145Ia 4500
008 230917s9999||||xx |||||||||||||| ||und||
040 _e129389
_aMAIN
041 _aEnglish
082 _a809.3 M355T
100 _aMarshall, Brenda K
245 0 _aTeaching the postmodern: fiction and theory
260 _aNew York
_bRoutledge
_c1992
300 _a213p. p.
942 _cBK
999 _c76000
_d76000